000 00375pam a2200157 a 4500
020 _c
041 _aeng
082 _a620.106
_bBHA/MUN
100 _aBhalerao A. R.
245 _aFluid Mechanics
_hDonate Books
260 _aPune:
_bTechnova Pub.,
_c1998.
300 _a338:
_bp.b.;
_c24*18.
653 _aEngg. Mechanics
700 _aMunot R. F.,
_eauthor.
930 _a15959
999 _c59180
_d59180